<?xml version="1.0" encoding="UTF-8"?>
<record
    xmlns:xsi="http://www.w3.org/2001/XMLSchema-instance"
    xsi:schemaLocation="http://www.loc.gov/MARC21/slim http://www.loc.gov/standards/marcxml/schema/MARC21slim.xsd"
    xmlns="http://www.loc.gov/MARC21/slim">

  <leader>00531    a2200145   4500</leader>
  <datafield tag="952" ind1=" " ind2=" ">
    <subfield code="0">0</subfield>
    <subfield code="1">0</subfield>
    <subfield code="4">0</subfield>
    <subfield code="7">0</subfield>
    <subfield code="8">NFIC</subfield>
    <subfield code="a">CCL</subfield>
    <subfield code="b">CCL</subfield>
    <subfield code="c">GEN</subfield>
    <subfield code="d">2014-10-21</subfield>
    <subfield code="l">0</subfield>
    <subfield code="o">BF121 RAT 2007</subfield>
    <subfield code="p">002153</subfield>
    <subfield code="r">2020-07-16 00:00:00</subfield>
    <subfield code="t">c. 1</subfield>
    <subfield code="w">2020-07-16</subfield>
    <subfield code="y">BK</subfield>
  </datafield>
  <datafield tag="952" ind1=" " ind2=" ">
    <subfield code="0">0</subfield>
    <subfield code="1">0</subfield>
    <subfield code="4">0</subfield>
    <subfield code="7">0</subfield>
    <subfield code="8">NFIC</subfield>
    <subfield code="a">CCL</subfield>
    <subfield code="b">CCL</subfield>
    <subfield code="c">GEN</subfield>
    <subfield code="d">2014-10-21</subfield>
    <subfield code="l">0</subfield>
    <subfield code="o">BF121 RAT 2007</subfield>
    <subfield code="p">002155</subfield>
    <subfield code="r">2020-07-16 00:00:00</subfield>
    <subfield code="t">c. 2</subfield>
    <subfield code="w">2020-07-16</subfield>
    <subfield code="y">BK</subfield>
  </datafield>
  <datafield tag="952" ind1=" " ind2=" ">
    <subfield code="0">0</subfield>
    <subfield code="1">0</subfield>
    <subfield code="4">0</subfield>
    <subfield code="7">0</subfield>
    <subfield code="8">NFIC</subfield>
    <subfield code="a">CCL</subfield>
    <subfield code="b">CCL</subfield>
    <subfield code="c">GEN</subfield>
    <subfield code="d">2014-10-21</subfield>
    <subfield code="l">0</subfield>
    <subfield code="o">BF121 RAT 2007</subfield>
    <subfield code="p">002151</subfield>
    <subfield code="r">2020-07-16 00:00:00</subfield>
    <subfield code="t">c. 3</subfield>
    <subfield code="w">2020-07-16</subfield>
    <subfield code="y">BK</subfield>
  </datafield>
  <datafield tag="952" ind1=" " ind2=" ">
    <subfield code="0">0</subfield>
    <subfield code="1">0</subfield>
    <subfield code="4">0</subfield>
    <subfield code="7">0</subfield>
    <subfield code="8">NFIC</subfield>
    <subfield code="a">MCL</subfield>
    <subfield code="b">MCL</subfield>
    <subfield code="c">GEN</subfield>
    <subfield code="d">2021-05-03</subfield>
    <subfield code="i">19691</subfield>
    <subfield code="l">0</subfield>
    <subfield code="o">BF 121 RAT 2007</subfield>
    <subfield code="p">002154</subfield>
    <subfield code="r">2021-05-03 00:00:00</subfield>
    <subfield code="t">c.4</subfield>
    <subfield code="w">2021-05-03</subfield>
    <subfield code="y">BK</subfield>
  </datafield>
  <datafield tag="952" ind1=" " ind2=" ">
    <subfield code="0">0</subfield>
    <subfield code="1">0</subfield>
    <subfield code="4">0</subfield>
    <subfield code="7">0</subfield>
    <subfield code="8">NFIC</subfield>
    <subfield code="a">ML</subfield>
    <subfield code="b">ML</subfield>
    <subfield code="c">GEN</subfield>
    <subfield code="d">2022-03-16</subfield>
    <subfield code="e">Donation</subfield>
    <subfield code="i">031965</subfield>
    <subfield code="l">0</subfield>
    <subfield code="o">BF 121 RAT 2007</subfield>
    <subfield code="p">031965</subfield>
    <subfield code="r">2022-03-16 00:00:00</subfield>
    <subfield code="t">c.5</subfield>
    <subfield code="w">2022-03-16</subfield>
    <subfield code="y">BK</subfield>
  </datafield>
  <datafield tag="999" ind1=" " ind2=" ">
    <subfield code="c">258</subfield>
    <subfield code="d">258</subfield>
  </datafield>
  <datafield tag="020" ind1=" " ind2=" ">
    <subfield code="a">9780495172284</subfield>
  </datafield>
  <datafield tag="050" ind1=" " ind2=" ">
    <subfield code="a">BF121 RAT 2007</subfield>
  </datafield>
  <datafield tag="100" ind1=" " ind2=" ">
    <subfield code="a">Rathus, Spencer A.</subfield>
    <subfield code="e">author</subfield>
  </datafield>
  <datafield tag="245" ind1=" " ind2=" ">
    <subfield code="a">Psychology : </subfield>
    <subfield code="b">concepts &amp; connections / </subfield>
    <subfield code="c">Spencer A. Rathus.</subfield>
  </datafield>
  <datafield tag="264" ind1=" " ind2=" ">
    <subfield code="a">Belmont, CA :  </subfield>
    <subfield code="b">Thomson/Wadsworth,</subfield>
    <subfield code="c">c2007.</subfield>
  </datafield>
  <datafield tag="300" ind1=" " ind2=" ">
    <subfield code="a">xxxix, 627, [96] p. :</subfield>
    <subfield code="b">ill. (chiefly col.) </subfield>
  </datafield>
  <datafield tag="500" ind1=" " ind2=" ">
    <subfield code="a">Includes bibliographical references (p. 568-597) and indexes.</subfield>
  </datafield>
  <datafield tag="650" ind1=" " ind2=" ">
    <subfield code="a">Psychology </subfield>
    <subfield code="x">Textbooks</subfield>
  </datafield>
  <datafield tag="942" ind1=" " ind2=" ">
    <subfield code="2">lcc</subfield>
    <subfield code="c">BK</subfield>
    <subfield code="e">Brief version, 8th ed.</subfield>
    <subfield code="h">121</subfield>
    <subfield code="i">RAT</subfield>
    <subfield code="k">BF</subfield>
  </datafield>
</record>
